000 00958cam a2200301 i 4500
001 19938
003 BD-RjUL
005 20211209000511.0
008 160628s1979 enka b 001 0 eng
020 _a0043380867
020 _a0043380875 (pbk.)
035 _a(BD-RjUL)19999
040 _aDLC
_cDLC
_dDLC
_dBD-RjUL
_beng
041 _aeng
082 0 0 _a338
_bINT 1979
100 _aDevine, P. J.
_9134768
245 0 3 _aAn Introduction to industrial economics /
_cby P. J. Devine ... [et al.].
250 _a3d ed.
260 _aLondon :
_aBoston :
_bAllen & Unwin,
_c1979.
300 _axi, 502 p. :
_bill. ;
_c25 cm.
490 0 _aMinerva series of students' handbooks ; no. 26
504 _aIncludes bibliographical references and index.
650 0 _aIndustrial organization (Economic theory)
_96101
650 0 _aIndustrial policy
_zGreat Britain.
_96524
700 1 _aDevine, P. J.
_912325
942 _2ddc
_cBK
_01
999 _c19938
_d19938